LEADER 00945nam0-22003251--450- 001 990004258920403321 005 20071211135617.0 035 $a000425892 035 $aFED01000425892 035 $a(Aleph)000425892FED01 035 $a000425892 100 $a19990604d1985----km-y0itay50------ba 101 0 $aspa 102 $aES 105 $ay-------001yy 200 1 $aFelipe II, la corte y Madrid en 1561$fAlfredo Alvar Ezquerra 210 $aMadrid$cCentro de Estudios Historicos$d1985 215 $a86 p., 2 tav.$cill.$d24 cm 676 $a946.043$v21$zita 700 1$aAlvar Ezquerra,$bAlfredo$0154531 801 0$aIT$bUNINA$gRICA$2UNIMARC 901 $aBK 912 $a990004258920403321 952 $aSDI-KE 382$b312$fSDI 952 $aSDI-KE 382bis$bs.i.$fSDI 952 $a946.043 ALV 1$bdip.disc.st. 1478$fFLFBC 959 $aFLFBC 959 $aSDI 996 $aFelipe II, la corte y Madrid en 1561$9491430 997 $aUNINA LEADER 01718nam 2200553 a 450 001 9910456609703321 005 20200520144314.0 010 $a1-60086-192-X 010 $a1-62198-101-0 010 $a1-60086-064-8 035 $a(CKB)2430000000037509 035 $a(SSID)ssj0000481503 035 $a(PQKBManifestationID)12231500 035 $a(PQKBTitleCode)TC0000481503 035 $a(PQKBWorkID)10483755 035 $a(PQKB)11777085 035 $a(MiAaPQ)EBC3111454 035 $a(Au-PeEL)EBL3111454 035 $a(CaPaEBR)ebr10516423 035 $a(OCoLC)922978740 035 $a(EXLCZ)992430000000037509 100 $a20070425d2007 uy 0 101 0 $aeng 135 $aurcn||||||||| 181 $ctxt 182 $cc 183 $acr 200 10$aHighly flexible structures$b[electronic resource] $emodeling, computation, and experimentation /$fP. Frank Pai 210 $aReston, Va. $cAmerican Institute of Aeronautics and Astronautics$dc2007 215 $axvii, 742 p. $cill 225 1 $aAIAA education series 300 $aBibliographic Level Mode of Issuance: Monograph 311 $a1-56347-917-6 320 $aIncludes bibliographical references and index. 410 0$aAIAA education series. 606 $aFlexible structures 606 $aStructural analysis (Engineering) 608 $aElectronic books. 615 0$aFlexible structures. 615 0$aStructural analysis (Engineering) 676 $a624.1/7 700 $aPai$b P. Frank$g(Perngjin Frank)$0893549 801 0$bMiAaPQ 801 1$bMiAaPQ 801 2$bMiAaPQ 906 $aBOOK 912 $a9910456609703321 996 $aHighly flexible structures$92009930 997 $aUNINA